000 00837nam a2200229 a 4500
001 39592
003 BD-RjUL
005 20211209053025.0
008 160413b2014 bg ||||e |||| 00| 0 ben d
020 _a9789848934623
_c: tk. 200.00
035 _a(BD-RjUL)39705
040 _aBD-RjUL
_bben
_cBD-RjUL
041 _aben
082 _223
_a891.444
_bMAS 2014
100 _aমাহমুদ,অনীক
_9121948
245 1 0 _aসিদ্ধির শিখর : কবির অভিযাত্রা
_cঅনীক মাহমুদ
260 _aঢাকা :
_bআলেয়া বুক ডিপো,
_c২০১৪.
300 _a১৯১ পৃ. ;
_c২১ সেমি.
650 _aবাংলা সাহিত্য
_vপ্রবন্ধ
_9120164
650 _aBengali Literature
_vEssays
_9118115
942 _2ddc
_cBK
999 _c39592
_d39592